Abnormal psychology (Record no. 123868)

MARC details
000 -LEADER
fixed length control field 00487nam a2200205Ia 4500
003 - CONTROL NUMBER IDENTIFIER
control field OSt
005 - DATE AND TIME OF LATEST TRANSACTION
control field 20260108163140.0
008 - FIXED-LENGTH DATA ELEMENTS--GENERAL INFORMATION
fixed length control field 210210b2018 xxu||||| |||| 00| 0 eng d
020 ## - INTERNATIONAL STANDARD BOOK NUMBER
International Standard Book Number 9788120707320
040 ## - CATALOGING SOURCE
Transcribing agency AL
041 ## - LANGUAGE CODE
Language code of text/sound track or separate title eng
082 ## - DEWEY DECIMAL CLASSIFICATION NUMBER
Classification number 157 MANA
100 ## - MAIN ENTRY--PERSONAL NAME
Personal name Mangal S K
9 (RLIN) 250791
245 ## - TITLE STATEMENT
Title Abnormal psychology
260 ## - PUBLICATION, DISTRIBUTION, ETC.
Place of publication, distribution, etc. New Delhi
Name of publisher, distributor, etc. Sterlilng Publishers Pvt Ltd
Date of publication, distribution, etc. 2018
300 ## - PHYSICAL DESCRIPTION
Extent xii,267
650 ## - SUBJECT ADDED ENTRY--TOPICAL TERM
Topical term or geographic name entry element psychology
9 (RLIN) 250792
906 ## - LOCAL DATA ELEMENT F, LDF (RLIN)
a 074113
942 ## - ADDED ENTRY ELEMENTS (KOHA)
Source of classification or shelving scheme Dewey Decimal Classification
Koha item type Book
Holdings
Withdrawn status Lost status Source of classification or shelving scheme Damaged status Not for loan Collection code Home library Current library Date acquired Source of acquisition Cost, normal purchase price Total Checkouts Full call number Barcode Date last seen Price effective from Koha item type
    Dewey Decimal Classification     Psychology St Aloysius Library St Aloysius Library 02/17/2021 Sapna Book House Pvt Ltd, K S Rao Road, Mangalore 225.00   157 MANA 074113 02/17/2021 02/17/2021 Book